O mal no pensamento de Sampaio (Bruno) (Registo nº 198728)

Detalhes MARC
000 -Etiqueta do registo
Valores 00931nam 22002173 4500
010 ## - Número ISBN
ISBN 972-27-1421-X
021 ## - Número do Depósito Legal
Código do país Portugal
Número 236456/05
100 ## - Dados gerais de processamento
Dados gerais 20251030d u||y0pory50 ba
200 ## - Titulo e menção de responsabilidade
Título próprio O mal no pensamento de Sampaio (Bruno)
Informação de outro título uma filosofia da razão e do mistério
Primeira menção de responsabilidade Afonso Rocha
Outras menções de responsabilidade prefácio Arnaldo de Pinho
210 ## - Publicação
Local de publicação Lisboa
Nome do editor Imprensa Nacional-Casa da Moeda
Data de publicação 2006
215 ## - Descrição física 
Paginação / Volumes 2 vols.
Outras indicações físicas brochado
Dimensões 24 cm
225 ## - Colecção 
Título próprio da colecção Temas portugueses
327 ## - Nota de conteúdo
Texto da nota vol. I : Do mal moral ao mal metafisico : a existência ontológica do mal. A gnoseologia e a metafisica à luz do pensamento de Sampaio (Bruno). - 731, [5] p.<br/>vol. lI : A descontinuação do ser : o mystério indecifrável da origem e do fim do mal. - 465, [7] p
606 ## - Nome comum usado como assunto
ID Autoridade 7968
Palavra de ordem Metafísica geral. Ontologia
675 ## - CDU
Notação 11
Edição PT
Língua por
700 ## - Autor principal (pessoa individual)
ID Autoridade 14647
Apelido Rocha
Nome Afonso
801 ## - Fonte de origem
País PT
Agência BMMN
Regras de catalogação RPC
830 ## - Notas gerais do catalogador
Criado por Vanda
990 ## - Elementos KOHA
Tipo de documento Livro
Exemplares
Situação do levantamento Biblioteca de origem Código de barras Cota Permissão de empréstimo Tipo de documento Forma de aquisição
  Biblioteca Municipal de Montemor-o-Novo 27193 11 ROC|DEP (vol. I)   Livro Compra
  Biblioteca Municipal de Montemor-o-Novo 27194 11 ROC|DEP (vol. II)   Livro  

Powered by Koha